Five have a mystery to solve; (Record no. 298832)

000 -LEADER
fixed length control field 00299 a2200121 4500
001 - CONTROL NUMBER
control field 63759
082 ## - DEWEY DECIMAL CLASSIFICATION NUMBER
Classification number 809.8928 BLY
090 ## - LOCALLY ASSIGNED LC-TYPE CALL NUMBER (OCLC); LOCAL CALL NUMBER (RLIN)
-- 37737
-- 37737
100 ## - MAIN ENTRY--PERSONAL NAME
Personal name Blyton
245 ## - TITLE STATEMENT
Title Five have a mystery to solve;
Medium English
260 ## - PUBLICATION, DISTRIBUTION, ETC.
Place of publication, distribution, etc. Great Britain
Name of publisher, distributor, etc. Hodder and Stoughton
Date of publication, distribution, etc. 1997
300 ## - PHYSICAL DESCRIPTION
Extent 170p.
942 ## - ADDED ENTRY ELEMENTS (KOHA)
Institution code [OBSOLETE] NUST-CAE
Call number prefix 809.8928 BLY
Holdings
Withdrawn status Lost status Damaged status Not for loan Collection code Permanent Location Current Location Date acquired Total Checkouts Full call number Barcode Date last seen Price effective from Koha item type
          College of Aeronautical Engineering (CAE) College of Aeronautical Engineering (CAE) 04/03/2017   809.8928 BLY CAEN-5057 04/05/2017 04/05/2017 Book
© 2023 Central Library, National University of Sciences and Technology. All Rights Reserved.